Stolice Europy - Statystyki

Ogólne statystyki
  • Ten quiz został rozwiązany 46 razy
  • Średni wynik to 9 z 10
Statystyki odpowiedzi
Kraj Stolica % Poprawnych
Niemcy Berlin
100%
Ukraina Kijów
100%
Rosja Moskwa
100%
Polska Warszawa
100%
Hiszpania Madryt
97%
Francja Paryż
97%
Włochy Rzym
97%
Szwecja Sztokholm
82%
Litwa Wilno
82%
Łotwa Ryga
79%
Nie znaleziono quizów pasujących do podanych kryteriów
Rozkład punktacji
Procent ludzi z każdym wynikiem
Percentyl według liczby udzielonych odpowiedzi
Twoja historia wyników
Nie rozwiązałeś tego quizu